| 000 | 00000nam##2200000za#4500 |
| 001 | 9.581157 |
| 003 | CaOODSP |
| 005 | 20241203113634 |
| 007 | cr ||||||||||| |
| 008 | 150406|2014||||xxc|||||o f|0| 0 eng|d |
| 020 | |a978-1-100-25325-1 |
| 040 | |aCaOODSP|beng |
| 043 | |an-cn--- |
| 086 | 1 |aEn3-4/189-2015E-PDF |
| 110 | 1 |aCanada. |bEnvironment Canada. |
| 245 | 10|aRecovery strategy for the Kentucky Coffee-tree (Gymnocladus dioicus) in Canada |h[electronic resource] |
| 260 | |aOttawa - Ontario : |bEnvironment Canada |c2014. |
| 300 | |a44p.|bmaps, references, tables |
| 490 | 1 |aSpecies at Risk Act recovery strategy series |
| 590 | |a15-10|b2015-03-06 |
| 775 | 08|tProgramme de rétablissement du chicot févier (Gymnocladus dioicus) au Canada |w(CaOODSP)9.608005 |
| 830 | #0|aSpecies at Risk Act recovery strategy series.|w(CaOODSP)9.505071 |
| 856 | 40|ahttp://publications.gc.ca|qPDF|s1105 KB|uhttps://publications.gc.ca/collections/collection_2015/ec/En3-4-189-2015-eng.pdf |